00675cam a2200205 4500001001100000005001700011008004100028020001500069050002200084100001800106245005000124250002800174260004600202300004200248440004300290504002100333650003800354650002600392700005100418BIIH00127920150124130826.0 2005 mx spa  a970633154904aBJ 1005bH45 19991 aHeller, Agnes10aTeoría de los Sentimientos /cHeller, Agnes aPrimera Edición: 1999 aMéxico : bEdiciones Coyoacán,c1999. a313 paginas, c21 X 14 centímetros, 0aFilosofía y Cultura Contemporánea  aIncluye: Indice  7aFilosofía 2LembxPsicología  7aHistoriaxFilosofía1 aHeller, AgneseTraducción: Francisco Cusó